[Event "3. Open Internacional de Calviá"]
[Site "Calvia ESP"]
[Date "2006.10.20"]
[Round "1.17"]
[White "Oliver Serrano, Angel"]
[Black "Cramling, Pia"]
[Result "0-1"]
[WhiteElo "2153"]
[BlackElo "2528"]
[PlyCount "102"]
[EventDate "2006.10.20"]
[EventType "swiss"]
[EventRounds "9"]
[EventCountry "ESP"]
[Source "lmi"]
[SourceDate "2006.10.20"]

1. e4 c5 2. Nf3 e6 3. d4 cxd4 4. Nxd4 a6 5. c4 Nf6 6. Nc3 Qc7 7. Bd3 Nc6 8.
Nxc6 dxc6 9. O-O e5 10. h3 Be6 11. Qe2 Bc5 12. Be3 Nd7 13. Rac1 O-O 14. Rfd1
Rfd8 15. Nd5 Qd6 16. Bb1 Bd4 17. Bxd4 exd4 18. Rxd4 cxd5 19. Rcd1 Qb6 20. exd5
Nf8 21. Qd3 Bd7 22. b3 Re8 23. a3 a5 24. Bc2 Qd6 25. a4 Re7 26. Qd2 b6 27. Re4
Rxe4 28. Bxe4 Re8 29. Bf3 Bf5 30. Rc1 Nd7 31. Rc3 Qb4 32. Qc1 h6 33. Re3 Rd8
34. Re1 Nc5 35. Re3 Nxb3 36. Qb2 Nd2 37. Qe5 Bd7 38. Be2 Rc8 39. Rg3 g6 40. Qf6
Qb1+ 41. Kh2 Qf5 42. Qxb6 Nxc4 43. Bxc4 Rxc4 44. Qxa5 Rxa4 45. Qc7 Rb4 46. Ra3
Rd4 47. Ra8+ Kh7 48. Qb8 Qf4+ 49. Qxf4 Rxf4 50. Ra7 Bb5 51. d6 Kg7 0-1

[Event "3. Open Internacional de Calviá"]
[Site "Calvia ESP"]
[Date "2006.10.23"]
[Round "4.4"]
[White "Godena, Michele"]
[Black "Vallejo Pons, Francisco"]
[Result "1/2-1/2"]
[WhiteElo "2522"]
[BlackElo "2674"]
[PlyCount "104"]
[EventDate "2006.10.20"]
[EventType "swiss"]
[EventRounds "9"]
[EventCountry "ESP"]
[Source "lmi"]
[SourceDate "2006.10.20"]

1. e4 d6 2. d4 Nf6 3. Nc3 g6 4. g3 Bg7 5. Bg2 O-O 6. Nge2 c6 7. O-O e5 8. b3
Na6 9. Bb2 exd4 10. Nxd4 Re8 11. Re1 Nc5 12. Qd2 Qb6 13. Rab1 a5 14. a3 Bd7 15.
Ba1 h5 16. h3 Rad8 17. b4 axb4 18. axb4 Ne6 19. Nxe6 Rxe6 20. Nd1 Rde8 21. Bd4
Qd8 22. Nc3 Bc8 23. Rbd1 Qe7 24. Kh2 h4 25. Be3 hxg3+ 26. fxg3 Nh5 27. Ne2 d5
28. Bc5 Qc7 29. exd5 cxd5 30. Bf2 Be5 31. Bf3 Rf6 32. Qd3 Qd7 33. Ng1 Qc7 34.
Kg2 Bd7 35. Bxh5 gxh5 36. Nf3 d4 37. Rxe5 Rxe5 38. Nxe5 Qxe5 39. Qxd4 Qf5 40.
Qxd7 Qxf2+ 41. Kh1 Qf3+ 42. Kh2 Qf2+ 43. Kh1 Qf3+ 44. Kh2 Qe2+ 45. Kh1 Qe4+ 46.
Kg1 Qe3+ 47. Kh1 Qe4+ 48. Kg1 Rf3 49. Qd8+ Kh7 50. Qg5 Rf5 51. Qd2 Qf3 52. Qd3
Qf2+ 1/2-1/2

[Event "3. Open Internacional de Calviá"]
[Site "Calvia ESP"]
[Date "2006.10.25"]
[Round "6.1"]
[White "Conquest, Stuart"]
[Black "Damljanovic, Branko"]
[Result "1-0"]
[WhiteElo "2530"]
[BlackElo "2595"]
[PlyCount "115"]
[EventDate "2006.10.20"]
[EventType "swiss"]
[EventRounds "9"]
[EventCountry "ESP"]
[Source "lmi"]
[SourceDate "2006.10.20"]

1. e4 c5 2. c3 Nf6 3. e5 Nd5 4. Nf3 Nc6 5. Bc4 Nb6 6. Bb3 c4 7. Bc2 Qc7 8. Qe2
g5 9. h3 Bg7 10. O-O Nxe5 11. Nxg5 d5 12. Re1 h6 13. Nf3 Nxf3+ 14. Qxf3 e5 15.
Qg3 Bf6 16. d4 cxd3 17. Bxd3 Be6 18. Na3 a6 19. Nc2 O-O-O 20. Qf3 Nd7 21. Bf5
e4 22. Qh5 Rdg8 23. Nd4 Nc5 24. Be3 Bg5 25. Nxe6 fxe6 26. Bxc5 exf5 27. Bd4 Rh7
28. h4 Kb8 29. Rad1 Ka8 30. b3 f4 31. Kf1 f3 32. gxf3 Qh2 33. Qg4 Rf8 34. fxe4
Bxh4 35. Qg2 Qxg2+ 36. Kxg2 dxe4 37. Rxe4 Bf6 38. Rf4 Rg8+ 39. Kf3 Bxd4 40.
cxd4 Kb8 41. d5 h5 42. Rh1 Rg5 43. d6 Rd5 44. Rf8+ Ka7 45. Rf6 Rd7 46. Ke4
R5xd6 47. Rxd6 Rxd6 48. f4 Re6+ 49. Kd5 Re2 50. a4 Rb2 51. Rh3 Rf2 52. Ke5 Kb6
53. f5 Kc5 54. f6 Kb4 55. Rxh5 b6 56. Rf5 Re2+ 57. Kd6 Re8 58. Rf3 1-0

[Event "3. Open Internacional de Calviá"]
[Site "Calvia ESP"]
[Date "2006.10.25"]
[Round "6.2"]
[White "Strikovic, Aleksa"]
[Black "Romanishin, Oleg M"]
[Result "1/2-1/2"]
[WhiteElo "2535"]
[BlackElo "2542"]
[PlyCount "60"]
[EventDate "2006.10.20"]
[EventType "swiss"]
[EventRounds "9"]
[EventCountry "ESP"]
[Source "lmi"]
[SourceDate "2006.10.20"]

1. e4 e5 2. Nf3 Nc6 3. d4 exd4 4. Nxd4 Bc5 5. Nxc6 Qf6 6. Qd2 dxc6 7. Nc3 Ne7
8. Qf4 Qe6 9. Qxc7 Bb4 10. Bd2 Bxc3 11. Bxc3 Qxe4+ 12. Kd2 Nd5 13. Qe5+ Qxe5
14. Bxe5 O-O 15. c4 Rd8 16. Re1 f6 17. Bg3 Nb6+ 18. Kc1 Bf5 19. b3 Nd7 20. Bd6
Re8 21. Rd1 Ne5 22. h3 Rad8 23. c5 Nf7 24. Bc4 Be6 25. Bxe6 Rxe6 26. Bg3 Re2
27. a4 Kf8 28. Rxd8+ Nxd8 29. Rd1 Ke7 30. Bd6+ Ke8 1/2-1/2

[Event "3. Open Internacional de Calviá"]
[Site "Calvia ESP"]
[Date "2006.10.25"]
[Round "6.3"]
[White "Spraggett, Kevin"]
[Black "Vallejo Pons, Francisco"]
[Result "1/2-1/2"]
[WhiteElo "2610"]
[BlackElo "2674"]
[PlyCount "61"]
[EventDate "2006.10.20"]
[EventType "swiss"]
[EventRounds "9"]
[EventCountry "ESP"]
[Source "lmi"]
[SourceDate "2006.10.20"]

1. e4 c5 2. Nf3 d6 3. d4 cxd4 4. Nxd4 Nf6 5. Nc3 a6 6. Bg5 e6 7. f4 Be7 8. Qf3
Qc7 9. O-O-O Nbd7 10. g4 b5 11. Bxf6 Nxf6 12. g5 Nd7 13. f5 Nc5 14. f6 gxf6 15.
gxf6 Bf8 16. Rg1 Bd7 17. Rg7 b4 18. Nd5 exd5 19. exd5 O-O-O 20. Rxf7 Bh6+ 21.
Kb1 Rdf8 22. Rxf8+ Rxf8 23. Ne6 Nxe6 24. dxe6 Bxe6 25. Bh3 Qd7 26. Qa8+ Kc7 27.
Qa7+ Kc6 28. Qxa6+ Kc7 29. Qa5+ Kc6 30. Qa6+ Kc7 31. Qa5+ 1/2-1/2

[Event "3. Open Internacional de Calviá"]
[Site "Calvia ESP"]
[Date "2006.10.25"]
[Round "6.4"]
[White "Dziuba, Marcin"]
[Black "Bruzon, Lazaro"]
[Result "1/2-1/2"]
[WhiteElo "2535"]
[BlackElo "2648"]
[PlyCount "66"]
[EventDate "2006.10.20"]
[EventType "swiss"]
[EventRounds "9"]
[EventCountry "ESP"]
[Source "lmi"]
[SourceDate "2006.10.20"]

1. d4 Nf6 2. c4 e6 3. Nf3 d5 4. Nc3 dxc4 5. e4 Bb4 6. Bg5 c5 7. e5 cxd4 8. Nxd4
Bxc3+ 9. bxc3 Qa5 10. exf6 Qxg5 11. fxg7 Qxg7 12. Qd2 O-O 13. Bxc4 Rd8 14. Qf4
Bd7 15. O-O Nc6 16. Ne2 Ne5 17. Ng3 Bc6 18. Rad1 Rxd1 19. Rxd1 Qg4 20. Qxg4+
Nxg4 21. Nh5 Kf8 22. Be2 Ne5 23. f4 Nd7 24. g4 Ke7 25. Kf2 Rc8 26. c4 Ba4 27.
Rd4 Rc5 28. Rd3 Bc6 29. Ra3 Nb6 30. Rxa7 Nxc4 31. Bf3 Nd6 32. Bxc6 Rxc6 33. g5
Rc8 1/2-1/2

[Event "3. Open Internacional de Calviá"]
[Site "Calvia ESP"]
[Date "2006.10.25"]
[Round "6.6"]
[White "Ghaem Maghami, Ehsan"]
[Black "Hernandez, Holden"]
[Result "1/2-1/2"]
[WhiteElo "2580"]
[BlackElo "2524"]
[PlyCount "40"]
[EventDate "2006.10.20"]
[EventType "swiss"]
[EventRounds "9"]
[EventCountry "ESP"]
[Source "lmi"]
[SourceDate "2006.10.20"]

1. c4 Nf6 2. Nc3 e5 3. Nf3 Nc6 4. d3 Bb4 5. Bd2 O-O 6. e3 Re8 7. Be2 d6 8. O-O
Bf5 9. Rc1 Bxc3 10. Bxc3 e4 11. Nd4 Nxd4 12. Bxd4 b6 13. dxe4 Bxe4 14. f3 Bg6
15. Qd2 Nd7 16. e4 a5 17. Rfe1 f6 18. b3 Re7 19. Bf1 Qf8 20. Bf2 Rae8 1/2-1/2

[Event "3. Open Internacional de Calviá"]
[Site "Calvia ESP"]
[Date "2006.10.25"]
[Round "6.8"]
[White "Hamdouchi, Hichem"]
[Black "Pogorelov, Ruslan"]
[Result "1-0"]
[WhiteElo "2582"]
[BlackElo "2462"]
[PlyCount "79"]
[EventDate "2006.10.20"]
[EventType "swiss"]
[EventRounds "9"]
[EventCountry "ESP"]
[Source "lmi"]
[SourceDate "2006.10.20"]

1. e4 e6 2. d3 d5 3. Qe2 dxe4 4. dxe4 e5 5. Nf3 Nd7 6. Nbd2 Ngf6 7. Nc4 c6 8.
Bd2 Bc5 9. Nfxe5 Nxe5 10. Nxe5 Qe7 11. Nd3 Nxe4 12. Nxc5 Nxc5 13. Qxe7+ Kxe7
14. Bb4 b6 15. O-O-O Be6 16. Be2 a5 17. Bxc5+ bxc5 18. Rhe1 Rhd8 19. Bc4 Rxd1+
20. Kxd1 Rd8+ 21. Kc1 Rd4 22. Bxe6 fxe6 23. Re5 Kd6 24. Re3 Rf4 25. f3 g5 26.
Kd2 Ra4 27. a3 Rh4 28. h3 Rf4 29. Kd3 Rd4+ 30. Ke2 h5 31. g3 h4 32. c3 Ra4 33.
Kd3 Kd5 34. Re4 Rxe4 35. fxe4+ Ke5 36. gxh4 gxh4 37. Ke3 a4 38. c4 Kf6 39. Kf4
Kf7 40. Kg5 1-0

[Event "3. Open Internacional de Calviá"]
[Site "Calvia ESP"]
[Date "2006.10.25"]
[Round "6.9"]
[White "Bartel, Mateusz"]
[Black "Rendle, Thomas"]
[Result "1-0"]
[WhiteElo "2569"]
[BlackElo "2382"]
[PlyCount "89"]
[EventDate "2006.10.20"]
[EventType "swiss"]
[EventRounds "9"]
[EventCountry "ESP"]
[Source "lmi"]
[SourceDate "2006.10.20"]

1. d4 e6 2. c4 f5 3. Nf3 Nf6 4. Nc3 Bb4 5. Qb3 Qe7 6. Bg5 O-O 7. e3 b6 8. Be2
Bb7 9. O-O Bxc3 10. Qxc3 h6 11. Bxf6 Qxf6 12. Rac1 Nc6 13. d5 Qxc3 14. Rxc3 Ne7
15. dxe6 dxe6 16. c5 Bd5 17. a3 Rfb8 18. cxb6 Rxb6 19. b4 c6 20. Rc5 a5 21.
bxa5 Rb2 22. Re1 Ra2 23. a6 Rxa3 24. Rcc1 Bxf3 25. gxf3 R8xa6 26. Bxa6 Rxa6 27.
Ra1 Rxa1 28. Rxa1 g5 29. Ra7 Kf7 30. Kf1 Kf6 31. Ke2 h5 32. Rc7 h4 33. e4 Ng6
34. Rxc6 h3 35. Rc7 Nf4+ 36. Ke3 Ng2+ 37. Kd4 Nh4 38. e5+ Kg6 39. Rc3 Kf7 40.
Kc5 Ke7 41. Ra3 Ng6 42. Ra7+ Kf8 43. Kd6 Nh4 44. Kxe6 g4 45. Kd5 1-0

[Event "3. Open Internacional de Calviá"]
[Site "Calvia ESP"]
[Date "2006.10.25"]
[Round "6.10"]
[White "Godena, Michele"]
[Black "Manik, Mikulas"]
[Result "1/2-1/2"]
[WhiteElo "2522"]
[BlackElo "2454"]
[PlyCount "84"]
[EventDate "2006.10.20"]
[EventType "swiss"]
[EventRounds "9"]
[EventCountry "ESP"]
[Source "lmi"]
[SourceDate "2006.10.20"]

1. e4 e5 2. Nf3 Nc6 3. Bb5 Nf6 4. d3 Bc5 5. c3 Qe7 6. Qe2 O-O 7. Nbd2 d6 8. h3
Bb6 9. Nf1 Nh5 10. Ne3 Nf4 11. Qf1 f5 12. Bc4+ Kh8 13. Nd5 Nxd5 14. Bxd5 Nd8
15. exf5 Bxf5 16. Qe2 c6 17. Bb3 Ne6 18. Be3 Bxe3 19. fxe3 e4 20. dxe4 Bxe4 21.
O-O Nc5 22. Rad1 Rae8 23. Nh2 h6 24. Rxf8+ Rxf8 25. Rf1 Re8 26. Rf7 Qg5 27. Nf1
Qg6 28. Rf4 Bd3 29. Qg4 Qxg4 30. hxg4 Bxf1 31. Kxf1 Nd3 32. Rf7 Rxe3 33. Kg1
Nc5 34. Bc2 Kg8 35. Rc7 Kf8 36. b4 Ne6 37. Rxb7 Rxc3 38. Bf5 Nf4 39. Rxa7 g6
40. Be4 d5 41. Bf3 Rc1+ 42. Kh2 Rb1 1/2-1/2

[Event "3. Open Internacional de Calviá"]
[Site "Calvia ESP"]
[Date "2006.10.25"]
[Round "6.11"]
[White "Libiszewski, Fabien"]
[Black "Neelotpal, Das"]
[Result "0-1"]
[WhiteElo "2469"]
[BlackElo "2490"]
[PlyCount "66"]
[EventDate "2006.10.20"]
[EventType "swiss"]
[EventRounds "9"]
[EventCountry "ESP"]
[Source "lmi"]
[SourceDate "2006.10.20"]

1. e4 c5 2. Nf3 e6 3. d4 cxd4 4. Nxd4 a6 5. Nc3 Qc7 6. Bd3 Nf6 7. Qe2 d6 8. O-O
Be7 9. Kh1 Nbd7 10. f4 O-O 11. Bd2 b5 12. Rae1 Bb7 13. a3 Nc5 14. b4 Nxd3 15.
cxd3 Rac8 16. Rc1 Qd8 17. Rc2 Re8 18. Rfc1 Bf8 19. Be3 g6 20. Nf3 Qd7 21. Bd4
Nh5 22. Qd2 f5 23. Rf1 Bh6 24. Be3 Nf6 25. Ng5 Rf8 26. Rcc1 Bg7 27. Qa2 Rce8
28. Bb6 h6 29. Ne2 Nd5 30. exd5 Bxd5 31. Qd2 Qb7 32. Qe3 Bxg2+ 33. Kg1 Bxf1 0-1

[Event "3. Open Internacional de Calviá"]
[Site "Calvia ESP"]
[Date "2006.10.25"]
[Round "6.12"]
[White "Gomez, John Paul"]
[Black "Dimakiling, Oliver"]
[Result "1/2-1/2"]
[WhiteElo "2387"]
[BlackElo "2476"]
[PlyCount "30"]
[EventDate "2006.10.20"]
[EventType "swiss"]
[EventRounds "9"]
[EventCountry "ESP"]
[Source "lmi"]
[SourceDate "2006.10.20"]

1. Nf3 Nf6 2. c4 c5 3. g3 g6 4. Bg2 Bg7 5. d4 cxd4 6. Nxd4 O-O 7. Nc3 d6 8. O-O
a6 9. b3 Nbd7 10. Bb2 Rb8 11. e3 Nc5 12. h3 Ne6 13. Nxe6 Bxe6 14. Qe2 Qd7 15.
Kh2 Rfc8 1/2-1/2

[Event "3. Open Internacional de Calviá"]
[Site "Calvia ESP"]
[Date "2006.10.25"]
[Round "6.13"]
[White "Das, Arghyadip"]
[Black "Caruana, Fabiano"]
[Result "1/2-1/2"]
[WhiteElo "2373"]
[BlackElo "2474"]
[PlyCount "50"]
[EventDate "2006.10.20"]
[EventType "swiss"]
[EventRounds "9"]
[EventCountry "ESP"]
[Source "lmi"]
[SourceDate "2006.10.20"]

1. e4 c5 2. Nf3 e6 3. d4 cxd4 4. Nxd4 a6 5. Bd3 Nf6 6. O-O Qc7 7. Qe2 d6 8. f4
g6 9. Nf3 Bg7 10. Kh1 Nc6 11. c4 O-O 12. Nc3 b6 13. Be3 Bb7 14. Rac1 Nd7 15.
Bb1 Nc5 16. f5 Rfe8 17. Qf2 Qe7 18. Ng5 Nd7 19. fxe6 fxe6 20. Qf7+ Qxf7 21.
Nxf7 Be5 22. Nh6+ Kh8 23. Nf7+ Kg8 24. Nh6+ Kh8 25. Nf7+ Kg8 1/2-1/2

[Event "3. Open Internacional de Calviá"]
[Site "Calvia ESP"]
[Date "2006.10.25"]
[Round "6.14"]
[White "Spassov, Liuben"]
[Black "Heberla, Bartlomiej"]
[Result "1/2-1/2"]
[WhiteElo "2365"]
[BlackElo "2569"]
[PlyCount "123"]
[EventDate "2006.10.20"]
[EventType "swiss"]
[EventRounds "9"]
[EventCountry "ESP"]
[Source "lmi"]
[SourceDate "2006.10.20"]

1. d4 c5 2. d5 g6 3. c4 Bg7 4. e4 d6 5. Nc3 e6 6. f3 exd5 7. cxd5 Ne7 8. Bb5+
Nd7 9. Nh3 O-O 10. Nf2 a6 11. Be2 b5 12. O-O f5 13. exf5 Nxf5 14. a4 b4 15.
Nce4 Nf6 16. Ng5 Re8 17. Bc4 h6 18. Ngh3 g5 19. Re1 Ra7 20. Bd2 Rae7 21. Rxe7
Qxe7 22. Qf1 Ne3 23. Bxe3 Qxe3 24. Kh1 a5 25. Rd1 g4 26. Ng1 g3 27. Nd3 gxh2
28. Kxh2 Qd4 29. b3 Nh5 30. g3 Qf6 31. Re1 Rf8 32. Qg2 Kh8 33. Re4 Bf5 34. Rh4
Qg6 35. Nf4 Nxf4 36. gxf4 Qf6 37. Qf2 Rg8 38. Nh3 Qg6 39. Qg1 Qxg1+ 40. Nxg1
Kh7 41. Ne2 Bf6 42. Rh5 Bc2 43. Ng3 Re8 44. Ne4 Be7 45. Kg3 Rg8+ 46. Kf2 Rf8
47. Ke3 Bf6 48. Kd2 Bxe4 49. fxe4 Bc3+ 50. Ke3 Bd4+ 51. Kf3 Be5 52. Rh4 Bf6 53.
Rg4 h5 54. Rg1 Be5 55. f5 h4 56. Rg4 Bg3 57. Kg2 Rg8 58. Rxg8 Kxg8 59. Kh3 Kg7
60. e5 Bxe5 61. Kxh4 Kf6 62. Kg4 1/2-1/2

[Event "3. Open Internacional de Calviá"]
[Site "Calvia ESP"]
[Date "2006.10.25"]
[Round "6.15"]
[White "Rivera, Daniel"]
[Black "Suba, Mihai"]
[Result "1-0"]
[WhiteElo "2309"]
[BlackElo "2535"]
[PlyCount "85"]
[EventDate "2006.10.20"]
[EventType "swiss"]
[EventRounds "9"]
[EventCountry "ESP"]
[Source "lmi"]
[SourceDate "2006.10.20"]

1. e4 c5 2. Nf3 d6 3. d4 Nf6 4. Nc3 cxd4 5. Nxd4 e6 6. Be2 a6 7. a4 Qc7 8. O-O
Be7 9. f4 O-O 10. Kh1 b6 11. Bf3 Bb7 12. e5 dxe5 13. fxe5 Nfd7 14. Bxb7 Qxb7
15. Bf4 Nc6 16. Qf3 Rfc8 17. Rad1 Nf8 18. Be3 Nd8 19. Qh5 Ng6 20. Nf3 Rc4 21.
Rd3 Rac8 22. Rfd1 h6 23. Rd7 R4c7 24. R7d4 Nc6 25. Rg4 Rd7 26. Rf1 Bf8 27. Ne4
Rcd8 28. Rxg6 fxg6 29. Qxg6 Rf7 30. Nf6+ Rxf6 31. exf6 Qf7 32. Qxf7+ Kxf7 33.
fxg7 Kxg7 34. Bxb6 Rd5 35. Re1 Bc5 36. c4 Rf5 37. g4 Rxf3 38. Bxc5 e5 39. b4
Rc3 40. Re4 Kf7 41. Be3 Nd4 42. Rxe5 Nc2 43. Bd2 1-0

[Event "3. Open Internacional de Calviá"]
[Site "Calvia ESP"]
[Date "2006.10.25"]
[Round "6.16"]
[White "Bogza, Adina-Maria"]
[Black "Sulskis, Sarunas"]
[Result "0-1"]
[WhiteElo "2308"]
[BlackElo "2518"]
[PlyCount "114"]
[EventDate "2006.10.20"]
[EventType "swiss"]
[EventRounds "9"]
[EventCountry "ESP"]
[Source "lmi"]
[SourceDate "2006.10.20"]

1. e4 c6 2. Nf3 d5 3. exd5 cxd5 4. d4 Nc6 5. Ne5 e6 6. Bb5 Bd7 7. Bxc6 Bxc6 8.
O-O Bd6 9. Qg4 Qf6 10. Bg5 h5 11. Qh4 Qf5 12. g4 Qxc2 13. Re1 Ne7 14. Nd2 Qh7
15. Bf4 Bxe5 16. Bxe5 hxg4 17. Qxg4 Qf5 18. Qg3 Rh3 19. Qxg7 Kd7 20. Qg2 Ng6
21. Bg3 Rah8 22. Nf3 f6 23. Re3 R3h7 24. Rae1 Re7 25. Rc1 Nf4 26. Qf1 a6 27.
Rec3 Ke8 28. a4 Kf7 29. Qd1 Kg8 30. Nh4 Qe4 31. Re3 Nh3+ 32. Kf1 Qh1+ 33. Ke2
Qxd1+ 34. Kxd1 Kf7 35. b3 Ng5 36. Ng2 Ne4 37. Ke2 e5 38. dxe5 d4 39. Rxc6 dxe3
40. Rc4 Nxg3+ 41. hxg3 exf2 42. Kxf2 Rxe5 43. Nf4 Rhe8 44. Rc3 Rd8 45. Kf3 Rd6
46. Nd3 Re7 47. Nf4 Ke8 48. Kg4 Re5 49. Rc7 Rb6 50. Rc3 Kd7 51. Nd3 Rg5+ 52.
Kf4 Rc6 53. Rxc6 bxc6 54. b4 a5 55. Nc5+ Ke7 56. Nb7 axb4 57. a5 b3 0-1

[Event "3. Open Internacional de Calviá"]
[Site "Calvia ESP"]
[Date "2006.10.25"]
[Round "6.17"]
[White "Gajewski, Grzegorz"]
[Black "Aaberg, Anton"]
[Result "1-0"]
[WhiteElo "2515"]
[BlackElo "2393"]
[PlyCount "67"]
[EventDate "2006.10.20"]
[EventType "swiss"]
[EventRounds "9"]
[EventCountry "ESP"]
[Source "lmi"]
[SourceDate "2006.10.20"]

1. Nf3 d5 2. d4 Nf6 3. c4 c6 4. Nc3 dxc4 5. a4 Bf5 6. e3 e6 7. Bxc4 Bb4 8. O-O
O-O 9. Qe2 Bg6 10. Ne5 Nbd7 11. Nxg6 hxg6 12. Na2 Bd6 13. e4 e5 14. f4 exd4 15.
Qf3 a5 16. e5 Bxe5 17. fxe5 Nxe5 18. Qe2 Nxc4 19. Qxc4 Qd5 20. Qxd5 Nxd5 21.
Bd2 c5 22. Rfe1 Rfe8 23. Kf2 b6 24. Rxe8+ Rxe8 25. Re1 Rd8 26. Ke2 c4 27. Kf3
b5 28. Rc1 c3 29. bxc3 dxc3 30. Bxc3 b4 31. Rd1 b3 32. Nc1 Rc8 33. Bxa5 Ra8 34.
Nxb3 1-0

[Event "3. Open Internacional de Calviá"]
[Site "Calvia ESP"]
[Date "2006.10.25"]
[Round "6.18"]
[White "Movsziszian, Karen"]
[Black "Ziska, Helgi Dam"]
[Result "1-0"]
[WhiteElo "2456"]
[BlackElo "2364"]
[PlyCount "101"]
[EventDate "2006.10.20"]
[EventType "swiss"]
[EventRounds "9"]
[EventCountry "ESP"]
[Source "lmi"]
[SourceDate "2006.10.20"]

1. e4 c5 2. Nc3 Nc6 3. g3 g6 4. Bg2 Bg7 5. d3 d6 6. f4 e6 7. Nf3 Nge7 8. O-O
O-O 9. Be3 b6 10. Bf2 Ba6 11. h4 e5 12. h5 Bc8 13. f5 gxf5 14. Nh4 Bh6 15. Nxf5
Bxf5 16. exf5 d5 17. Qf3 Nd4 18. Bxd4 cxd4 19. Nxd5 Nxd5 20. Qxd5 Qxd5 21. Bxd5
Rac8 22. Bb3 Kg7 23. Kg2 Rc5 24. Rf2 Rfc8 25. a4 a6 26. Raf1 R8c6 27. Kf3 Bg5
28. Ke4 Kf6 29. Bc4 Be3 30. Rg2 a5 31. Rb1 Ke7 32. c3 Rd6 33. b4 Rc7 34. bxa5
bxa5 35. Rb5 f6 36. cxd4 Bxd4 37. Rxa5 Bc5 38. Re2 Bb6 39. Ra8 Ra7 40. Rxa7+
Bxa7 41. a5 Kd8 42. Kf3 Kc7 43. Rc2 Rc6 44. g4 Rc5 45. a6 Ra5 46. Rb2 Bb6 47.
Ke4 Ra1 48. Kd5 Rg1 49. Ke6 Rxg4 50. Bd5 Ra4 51. Rc2+ 1-0

[Event "3. Open Internacional de Calviá"]
[Site "Calvia ESP"]
[Date "2006.10.25"]
[Round "6.19"]
[White "Laylo, Darwin"]
[Black "Lanzani, Mario"]
[Result "1/2-1/2"]
[WhiteElo "2448"]
[BlackElo "2335"]
[PlyCount "100"]
[EventDate "2006.10.20"]
[EventType "swiss"]
[EventRounds "9"]
[EventCountry "ESP"]
[Source "lmi"]
[SourceDate "2006.10.20"]

1. c4 Nf6 2. d4 g6 3. Nf3 Bg7 4. g3 O-O 5. Bg2 d6 6. O-O c5 7. d5 b5 8. cxb5 a6
9. bxa6 Bxa6 10. Nc3 Nbd7 11. Rb1 Nb6 12. b3 Bb7 13. Nh4 Kh8 14. Bb2 e6 15.
dxe6 Bxg2 16. Nxg2 fxe6 17. e4 d5 18. e5 Ng8 19. f4 d4 20. Ne4 Qd5 21. Qd3 Rxa2
22. Rfc1 Rc8 23. Nd6 Rc7 24. Qb5 Nc8 25. Ne8 Rc6 26. Qc4 Qxc4 27. Rxc4 Nb6 28.
Rcc1 Ne7 29. Ne1 g5 30. Nxg7 Kxg7 31. fxg5 Nd7 32. Nd3 Kg6 33. b4 cxb4 34. Nxb4
Rxc1+ 35. Bxc1 Re2 36. Nd3 Kf7 37. Bf4 Ng6 38. Rb7 Ke8 39. Rb5 Nxf4 40. gxf4
Re3 41. Rb3 Nf8 42. Nc5 Rxb3 43. Nxb3 Ng6 44. Nxd4 Nxf4 45. h4 Kf7 46. Kh2 Nd3
47. Nf3 Kg6 48. Kg3 Kf5 49. h5 Nxe5 50. Nxe5 Kxg5 1/2-1/2

[Event "3. Open Internacional de Calviá"]
[Site "Calvia ESP"]
[Date "2006.10.25"]
[Round "6.20"]
[White "Zawadzka, Jolanta"]
[Black "Borges Mateos, Juan"]
[Result "1-0"]
[WhiteElo "2353"]
[BlackElo "2431"]
[PlyCount "79"]
[EventDate "2006.10.20"]
[EventType "swiss"]
[EventRounds "9"]
[EventCountry "ESP"]
[Source "lmi"]
[SourceDate "2006.10.20"]

1. e4 e6 2. d4 d5 3. Nc3 Nf6 4. e5 Nfd7 5. f4 c5 6. Nf3 Nc6 7. Be3 Qb6 8. Qd2
Qxb2 9. Rb1 Qa3 10. dxc5 a6 11. Nd4 Nxd4 12. Bxd4 Bxc5 13. Rb3 Qa5 14. f5 Bxd4
15. Qxd4 Qc7 16. fxe6 fxe6 17. Be2 Qxe5 18. Qxe5 Nxe5 19. Nxd5 exd5 20. Re3 Ke7
21. Rxe5+ Kd6 22. Rg5 g6 23. Kd2 Bf5 24. Rb1 b5 25. a4 bxa4 26. Rb4 Rhc8 27.
Bd3 Bd7 28. Rd4 Rc5 29. c4 Bc6 30. cxd5 Bd7 31. Rb4 Bb5 32. Rh4 a3 33. Rxh7 Be8
34. Bxg6 Bxg6 35. Rxg6+ Kxd5 36. Kd3 Re8 37. Rh5+ Re5 38. Rxe5+ Kxe5 39. Rg5+
Kd6 40. Rxc5 1-0

[Event "3. Open Internacional de Calviá"]
[Site "Calvia ESP"]
[Date "2006.10.25"]
[Round "6.22"]
[White "Rodriguez Lopez, Rafael"]
[Black "Zawadzki, Stanislaw"]
[Result "0-1"]
[WhiteElo "2289"]
[BlackElo "2422"]
[PlyCount "46"]
[EventDate "2006.10.20"]
[EventType "swiss"]
[EventRounds "9"]
[EventCountry "ESP"]
[Source "lmi"]
[SourceDate "2006.10.20"]

1. d4 d6 2. Nf3 Bg4 3. Nbd2 e6 4. g3 Be7 5. Bg2 c6 6. O-O Nf6 7. e4 Nfd7 8. Re1
O-O 9. c3 Na6 10. Qb3 Qc7 11. Nc4 Bh5 12. Bf4 Rab8 13. a4 Kh8 14. h3 f6 15.
Rad1 e5 16. Be3 Bf7 17. dxe5 dxe5 18. Bxa7 Ra8 19. Be3 Ndc5 20. Bxc5 Nxc5 21.
Qb6 Qb8 22. Na5 Ra6 23. Qb4 Qc7 0-1

[Event "3. Open Internacional de Calviá"]
[Site "Calvia ESP"]
[Date "2006.10.25"]
[Round "6.23"]
[White "Gonzales, Jayson"]
[Black "Fokin, Sergey"]
[Result "1-0"]
[WhiteElo "2418"]
[BlackElo "2157"]
[PlyCount "73"]
[EventDate "2006.10.20"]
[EventType "swiss"]
[EventRounds "9"]
[EventCountry "ESP"]
[Source "lmi"]
[SourceDate "2006.10.20"]

1. c4 Nf6 2. g3 c6 3. Bg2 d5 4. Nf3 Bf5 5. cxd5 cxd5 6. Qb3 Bc8 7. d3 e6 8. Nc3
Nc6 9. e4 d4 10. Ne2 Bb4+ 11. Nd2 e5 12. a3 Be6 13. Qa4 Be7 14. f4 Nd7 15. f5
Nb6 16. Qd1 Bd7 17. Nf3 a5 18. b3 g5 19. g4 h5 20. h4 hxg4 21. Nxg5 Qc7 22. Ng3
Nd8 23. Bd2 f6 24. Rc1 Qd6 25. Qxg4 fxg5 26. hxg5 Rxh1+ 27. Bxh1 Qg6 28. Bf3
Qh7 29. Kf2 Nc6 30. Rh1 Qg8 31. Qh5+ Kd8 32. f6 Bf8 33. f7 Qg7 34. Nf5 Bxf5 35.
exf5 Bxa3 36. f6 Qf8 37. g6 1-0

[Event "3. Open Internacional de Calviá"]
[Site "Calvia ESP"]
[Date "2006.10.25"]
[Round "6.26"]
[White "Tattersall, Lester"]
[Black "Leskovar, Mario"]
[Result "1-0"]
[WhiteElo "2254"]
[BlackElo "2373"]
[PlyCount "75"]
[EventDate "2006.10.20"]
[EventType "swiss"]
[EventRounds "9"]
[EventCountry "ESP"]
[Source "lmi"]
[SourceDate "2006.10.20"]

1. e4 e5 2. Nf3 d6 3. d4 exd4 4. Nxd4 g6 5. Nc3 Bg7 6. h4 Ne7 7. Bc4 Nbc6 8.
Nxc6 Nxc6 9. Bg5 Bxc3+ 10. bxc3 f6 11. Qf3 Ne5 12. Qxf6 Qxf6 13. Bxf6 Rf8 14.
Bxe5 dxe5 15. Rd1 c6 16. Ke2 Ke7 17. Ke3 a5 18. a3 b5 19. Be2 Be6 20. g3 Rab8
21. f4 h6 22. fxe5 Rbd8 23. Rd4 Rc8 24. Rd6 Rc7 25. Rb1 Rd8 26. Rxd8 Kxd8 27.
Rf1 Ke7 28. Rf6 Bf7 29. h5 gxh5 30. Rxh6 Rc8 31. Bxh5 Bxh5 32. Rxh5 Ke6 33. Kf4
Rf8+ 34. Rf5 Rh8 35. Rf6+ Kd7 36. Rf7+ Ke8 37. e6 Rh5 38. g4 1-0